00613nam a22001097a 4500040000800000082002700008100003600035245037100071260002600442300002200468856001300490 cRUA aAED SOR 2018 B650 Or.1 aSOR TOMA ស៊ តូម៉ា athe study on economic efficiency of household's sugar cane in preak koy commune, saang distric, kandal province ការសិក្សារអំពីប្រសិទ្ធភាពសេដ្ឋកិច្ចនៃដំណាំ អំពៅជាលក្ខណ:គ្រួសារ នៅឃុំព្រែកគយ ខេត្តកណ្តាល  aRUAbPhnom penhc2018 ax;53pbill;c29cm uSOR TOMA